=LDR 00000nam 2200000 4500 =001 INLIS000000000044568 =005 20131008110213 =008 ***********************************Ind** =035 ##$$a0010-101300000002490 =041 ##$$a Ind =082 ##$$a 813 =090 ##$$a 813 , Gra m =100 ##$$a Graham, Heather =245 ##$$a Malam mematikan , Heather Graham =260 ##$$a 2011 $b Jakarta =300 ##$$a 480 hlm. , 18 cm =850 ##$$a NBPNMAT =990 ##$$a 0001/BPAP-NTB/20142014 =990 ##$$a 0001/BPAP-NTB/20142014 =990 ##$$a 1302613026 =990 ##$$a 0001/BPAP-NTB/20142014 =990 ##$$a 0001/BPAP-NTB/20142014 =990 ##$$a 01201713026